| 000 | 00592nam a2200193 a 4500 | ||
|---|---|---|---|
| 001 | 9178 | ||
| 003 | CO-ViMGA | ||
| 008 | 141112s2004 ck r 000 u spa d | ||
| 040 |
_aCO-ViMGA _bspa _cCO-ViMGA |
||
| 082 | 0 | 4 | _a337.09 K51 |
| 100 | 1 |
_aKindleberger ; Charles, _99668 |
|
| 245 | 1 | 0 |
_aEl orden económico internacional : _bensayos sobre la crisis financieras y los servicios públicos internacionales. |
| 260 |
_aCritica, _c1992 |
||
| 300 | _a365p. | ||
| 650 | 1 | 4 |
_aCOMERCIO INTERNACIONAL _99669 |
| 650 | 1 | 4 |
_aCRISIS FINANCIERAS _99670 |
| 650 | 1 | 4 | _aSERVICIOS PUBLICOS |
| 942 |
_2ddc _cBK |
||
| 999 |
_c20719 _d20719 |
||